| 000 | 00490nam a2200181Ia 4500 | ||
|---|---|---|---|
| 001 | 11802 | ||
| 005 | 20260306162855.0 | ||
| 008 | 260306t2025||||xx |||||||||||||| ||spa|| | ||
| 041 | _aESP | ||
| 082 |
_aHR 200 _bVERANO 2025 HUMANITAS |
||
| 110 | _aPontificia Universidad Católica de Chile | ||
| 245 | 0 |
_aHumanitas : _brevista de antropología y cultura cristiana |
|
| 260 | _c2025 | ||
| 300 |
_a156 páginas : _c24 cm. |
||
| 650 | _aGEN | ||
| 654 | _aCHU | ||
| 942 |
_cREV _dJUS _fJUS _2ddc _n |
||
| 999 |
_c11802 _d11802 |
||